Loading...
| Arts - Painting | 0 | 4 | 0 | 3 | 40 | 91 | 126.75 | 0 | 1 |
| Literature - Euro Lit | 0 | 2 | 0 | 0 | 20 | 104 | 108.50 | 0 | 1 |
| Literature - British Lit | 0 | 2 | 0 | 1 | 20 | 142 | 144.00 | 0 | 0 |
| Literature - American Lit | 0 | 1 | 0 | 0 | 10 | 154 | 154.00 | 0 | 0 |
| Thought - Philosophy | 0 | 1 | 0 | 0 | 10 | 99 | 99.00 | 0 | 0 |
| Beliefs - Mythology | 0 | 1 | 0 | 1 | 10 | 142 | 142.00 | 0 | 1 |
| Beliefs - Religion | 0 | 1 | 0 | 0 | 10 | 89 | 89.00 | 0 | 1 |
| Literature - Euro Lit | 0 | 1 | 0 | 0 | 10 | 118 | 118.00 | 0 | 0 |
| Literature - World Lit | 0 | 1 | 0 | 1 | 10 | 128 | 128.00 | 0 | 0 |
| Science - Engineering | 0 | 1 | 0 | 0 | 10 | 113 | 113.00 | 0 | 0 |
| Arts - Other Arts | 0 | 1 | 0 | 0 | 10 | 106 | 106.00 | 0 | 0 |
| History - Euro History | 0 | 0 | 0 | 0 | 0 | 0.00 | 0 | 0 | |
| Literature - American Lit | 0 | 0 | 1 | 0 | -5 | 0.00 | 0 | 0 | |
| Other - Pop Culture | 0 | 0 | 1 | 0 | -5 | 0.00 | 0 | 0 | |
| Science - Chemistry | 0 | 0 | 1 | 0 | -5 | 0.00 | 0 | 0 |